|
|
|
|
| LEADER |
01086nam a2200241 a 4500 |
| 001 |
00023947 |
| 008 |
111208s2003 ne b 000 0 eng d |
| 020 |
|
|
|a 9054480556
|
| 040 |
|
|
|a BD-DhAAL
|c BD-DhAAL
|
| 082 |
0 |
4 |
|a 306.4
|2 22
|
| 100 |
1 |
|
|a Arhinful, Daniel Kojo.
|
| 245 |
1 |
0 |
|a The solidarity of self-interest :
|b social and cultural feasibility of rural health insurance in Ghana /
|c Daniel Kojo Arhinful
|
| 260 |
|
|
|a Leiden :
|b African Studies Centre,
|c 2003. .
|
| 300 |
|
|
|a xv, 222 p. :
|b ill.,map. ;
|c 24 cm.
|
| 490 |
|
|
|a Research report, African Studies Centre, Leiden, Netherlands; 71/2003
|
| 504 |
|
|
|a Includes bibliographical references (p.245-251)
|
| 541 |
1 |
|
|e 00023947
|
| 650 |
|
0 |
|a Medical care
|z Ghana.
|
| 710 |
2 |
|
|a Afrika-Studiecentrum.
|
| 830 |
0 |
|
|a Research report (African Studies Centre, Leiden, Netherlands);
|v 71/2003
|
| 852 |
1 |
|
|a James P. Grant School of Public Health (JPGSPH)
|
| 999 |
|
|
|c 11580
|d 11580
|
| 952 |
|
|
|0 0
|1 0
|2 ddc
|4 0
|6 306_400000000000000_ARH
|7 0
|9 18845
|a JPGSPH
|b JPGSPH
|d 2011-12-08
|e School of Public Helath
|l 0
|o 306.4 ARH
|p 3060023947
|r 2011-12-13
|t 1
|w 2011-12-13
|y BK
|